[Event "VIE-ch U15"]
[Site "Ho Chi Minh City"]
[Date "2014.07.15"]
[Round "5"]
[White "Nguyen, Huu Anh Tai"]
[Black "Le, Thanh Cong"]
[Result "1/2-1/2"]
[WhiteElo "1855"]
[BlackElo "1865"]
[PlyCount "92"]
[EventDate "2014.07.13"]
[EventType "swiss"]
[EventRounds "9"]
[EventCountry "VIE"]
[SourceTitle "EXT 2016"]
[Source "ChessBase"]
[SourceDate "2015.10.08"]
[SourceVersion "1"]
[SourceVersionDate "2015.10.08"]
[SourceQuality "1"]

1. e4 e6 2. d4 d5 3. Nc3 Bb4 4. exd5 Bxc3+ 5. bxc3 exd5 6. Nf3 Bg4 7. Be2 Nf6 8. Bg5 Nbd7 9. 0-0 0-0 10. Re1 Re8 11. Qd3 c6 12. Nd2 Be6 13. c4 Qc7 14. Bh4 c5 15. Bg3 Qb6 16. cxd5 Bxd5 17. c4 Be4 18. Nxe4 Nxe4 19. d5 Nxg3 20. hxg3 Qd6 21. f4 Re7 22. Bg4 Rae8 23. Kf2 g6 24. Bxd7 Qxd7 25. Rxe7 Rxe7 26. Re1 Rxe1 27. Kxe1 Qd6 28. Qe4 Kf8 29. g4 Qe7 30. Qxe7+ Kxe7 31. Kd2 Kd6 32. Kd3 b5 33. cxb5 Kxd5 34. a4 c4+ 35. Kc3 h6 36. a5 Kc5 37. b6 axb6 38. axb6 Kxb6 39. Kxc4 Kc6 40. Kd4 Kd6 41. Ke4 Ke6 42. f5+ gxf5+ 43. gxf5+ Kd6 44. g3 h5 45. Kf4 Kd5 46. Kg5 Ke5 1/2-1/2

[Event "VIE-ch U15"]
[Site "Ho Chi Minh City"]
[Date "2014.07.13"]
[Round "2"]
[White "Truong, Tan Thanh"]
[Black "Nguyen, Huu Anh Tai"]
[Result "1/2-1/2"]
[WhiteElo "1846"]
[BlackElo "1855"]
[PlyCount "106"]
[EventDate "2014.07.13"]
[EventType "swiss"]
[EventRounds "9"]
[EventCountry "VIE"]
[SourceTitle "EXT 2016"]
[Source "ChessBase"]
[SourceDate "2015.10.08"]
[SourceVersion "1"]
[SourceVersionDate "2015.10.08"]
[SourceQuality "1"]

1. d4 Nf6 2. c4 e6 3. Nf3 d5 4. e3 Bb4+ 5. Bd2 Bxd2+ 6. Nbxd2 0-0 7. Be2 b6 8. 0-0 Bb7 9. Rc1 dxc4 10. Nxc4 Nbd7 11. Nce5 Nxe5 12. Nxe5 Nd7 13. Nc6 Bxc6 14. Rxc6 Rc8 15. Ba6 Nb8 16. Bxc8 Nxc6 17. Bb7 Ne7 18. Qc2 Qb8 19. Ba6 c6 20. Rc1 b5 21. Qc5 Qb6 22. Qxe7 Qxa6 23. a3 g6 24. Qd7 Rc8 25. Rc5 Kg7 26. h4 h5 27. g4 hxg4 28. h5 gxh5 29. Rg5+ Kf6 30. Rxh5 Qa4 31. Qxc8 Qd1+ 32. Kh2 g3+ 33. Kxg3 Qxh5 34. Qxc6 Qg5+ 35. Kh2 Qh4+ 36. Kg1 Qg4+ 37. Qg2 Qd1+ 38. Kh2 Qb3 39. Qf3+ Kg6 40. Qe4+ Kf6 41. Qb1 a5 42. Qc1 b4 43. axb4 axb4 44. Qd2 Qc4 45. e4 b3 46. Qf4+ Ke7 47. d5 exd5 48. Qe5+ Kd7 49. exd5 Qc7 50. f4 Qc2+ 51. Kg3 Qg6+ 52. Kf3 Qd3+ 53. Kg4 Qd1+ 1/2-1/2

[Event "VIE-ch U13"]
[Site "Da Lat"]
[Date "2013.07.??"]
[Round "9"]
[White "Nguyen, Dinh Thien Phuc"]
[Black "Nguyen, Huu Anh Tai"]
[Result "1-0"]
[WhiteElo "1970"]
[BlackElo "1967"]
[PlyCount "87"]
[EventDate "2013.07.13"]
[EventType "swiss"]
[EventRounds "9"]
[EventCountry "VIE"]
[SourceTitle "EXT 2014"]
[Source "ChessBase"]
[SourceDate "2013.11.20"]
[SourceVersion "1"]
[SourceVersionDate "2013.11.20"]
[SourceQuality "1"]

1. d4 d5 2. Nf3 e6 3. Bf4 c6 4. e3 Nf6 5. Bd3 Nbd7 6. 0-0 Be7 7. Nbd2 0-0 8. a3 b6 9. c3 h6 10. Re1 Bb7 11. Rc1 c5 12. h3 Ne4 13. Bxe4 dxe4 14. Nh2 f6 15. Qb3 Bd5 16. c4 cxd4 17. exd4 Bb7 18. Nxe4 e5 19. dxe5 Bxe4 20. Rxe4 Nc5 21. Qe3 Nxe4 22. Qxe4 fxe5 23. Bxe5 Bg5 24. f4 Bf6 25. Qd5+ Kh8 26. Nf3 Rc8 27. Rd1 Rc5 28. Qxd8 Rxd8 29. Rxd8+ Bxd8 30. b3 b5 31. Bd4 Rf5 32. Bxa7 bxc4 33. bxc4 Rxf4 34. Ne5 Bc7 35. Ng6+ Kh7 36. Nxf4 Bxf4 37. c5 Be3+ 38. Kf1 Kg6 39. Bb6 Kf5 40. a4 Ke6 41. a5 Kd7 42. a6 Kc8 43. a7 Kb7 44. c6+ 1-0

[Event "VIE-ch U13"]
[Site "Da Lat"]
[Date "2013.07.??"]
[Round "8"]
[White "Nguyen, Huu Anh Tai"]
[Black "Le, Thanh Cong"]
[Result "1/2-1/2"]
[WhiteElo "1967"]
[BlackElo "1961"]
[PlyCount "85"]
[EventDate "2013.07.13"]
[EventType "swiss"]
[EventRounds "9"]
[EventCountry "VIE"]
[SourceTitle "EXT 2014"]
[Source "ChessBase"]
[SourceDate "2013.11.20"]
[SourceVersion "1"]
[SourceVersionDate "2013.11.20"]
[SourceQuality "1"]

1. e4 e6 2. d4 d5 3. e5 c5 4. c3 Nc6 5. Nf3 Qb6 6. Qb3 Qxb3 7. axb3 cxd4 8. cxd4 Bb4+ 9. Nc3 Nge7 10. Bb5 0-0 11. 0-0 Bd7 12. Na2 Ba5 13. Bg5 Bd8 14. Nc3 h6 15. Bh4 g5 16. Bg3 Nf5 17. h3 Nxg3 18. fxg3 Be7 19. Na4 Nxe5 20. Nxe5 Bxb5 21. Rf2 Bxa4 22. bxa4 Kg7 23. Raf1 f5 24. g4 fxg4 25. Rf7+ Kg8 26. Rxe7 Rxf1+ 27. Kxf1 Rf8+ 28. Kg1 gxh3 29. gxh3 Rf4 30. Re8+ Kg7 31. Re7+ Kg8 32. Rxb7 Rxd4 33. Nc6 Rxa4 34. Rxa7 Rxa7 35. Nxa7 Kf7 36. Nc6 h5 37. Kg2 Ke8 38. Kg3 Kd7 39. Ne5+ Kc7 40. Nf7 g4 41. hxg4 hxg4 42. Kxg4 Kb6 43. Kf4 1/2-1/2